Central Library OPAC University of Rajshahi

আরণ্য জনপদে / (Record no. 37773)

MARC details
000 -LEADER
fixed length control field 00955nam a2200241 a 4500
001 - CONTROL NUMBER
control field 37773
003 - CONTROL NUMBER IDENTIFIER
rucl marc code BD-RjUL
005 - DATE AND TIME OF LATEST TRANSACTION
control field 20211209052643.0
008 - FIXED-LENGTH DATA ELEMENTS--GENERAL INFORMATION
fixed length control field 150628s20071975bg a|||| b||| 001 0 ben d
035 ## - SYSTEM CONTROL NUMBER
System control number (BD-RjUL)37877
040 ## - CATALOGING SOURCE
Original cataloging agency BD-RjUL
Language of cataloging ben
Transcribing agency BD-RjUL
Modifying agency BD-RjUL
041 ## - LANGUAGE CODE
Language code of text/sound track or separate title ben
082 ## - DEWEY DECIMAL CLASSIFICATION NUMBER
Edition number 21
Classification number 307.772095492
Author mark and year SAA 1975
100 ## - MAIN ENTRY--PERSONAL NAME
Personal name সাত্তার, আবদুস
9 (RLIN) 116229
245 ## - TITLE STATEMENT
Title আরণ্য জনপদে /
Statement of responsibility, etc. আবদুস সাত্তার
250 ## - EDITION STATEMENT
Edition statement ২য়. সং.
260 ## - PUBLICATION, DISTRIBUTION, ETC. (IMPRINT)
Place of publication, distribution, etc. ঢাকা :
Name of publisher, distributor, etc. আদিল ব্রাদার্স এ্যান্ড কো:
Date of publication, distribution, etc. ১৯৭৫.
300 ## - PHYSICAL DESCRIPTION
Pagination ১৪, ৫৪৮ পৃ. :
Illustrations চিত্র ;
Size ২২ সেমি.
504 ## - BIBLIOGRAPHY, ETC. NOTE
Bibliography, etc গ্রন্থপঞ্জী ও নির্ঘন্ট সংযুক্ত।
650 ## - SUBJECT ADDED ENTRY--TOPICAL TERM
Topical term or geographic name as entry element উপজাতি
Geographic subdivision বাংলাদেশ
9 (RLIN) 116230
Topical term or geographic name as entry element Tribes
Geographic subdivision Bangladesh
9 (RLIN) 116231
942 ## - ADDED ENTRY ELEMENTS (KOHA)
Source of classification or shelving scheme Dewey Decimal Classification
Koha item type Books
Holdings
Lost status Source of classification or shelving scheme Damaged status Not for loan Collection code Permanent Location Current Location Shelving location Date acquired Source of acquisition Cost, normal purchase price Total Checkouts Full call number Date last seen Date checked out Copy number Koha item type
  Dewey Decimal Classification     Non-fiction Central Library, University of Rajshahi Central Library, University of Rajshahi General Stacks 31/03/1983 আলীগড় লাইব্রেরী, রাজশাহী 35.00 2 B 307.772095492 SAA 1975 16/02/2020 12/02/2020 C-2 Books
  Dewey Decimal Classification     Non-fiction Central Library, University of Rajshahi Central Library, University of Rajshahi   18/06/1982 Aligarh library, Rajshahi 35.00 2 B 307.772095492 SAA 1975 12/04/2023 20/03/2023 C-3 Books
  Dewey Decimal Classification   Not For Loan Non-fiction Central Library, University of Rajshahi Central Library, University of Rajshahi Reading Room 18/06/1982 Aligore Library 35.00   B 307.772095492 SAA 1975 25/10/2022   C-1 Books
  Dewey Decimal Classification     Non-fiction Central Library, University of Rajshahi Central Library, University of Rajshahi General Stacks 31/07/1983 Rajshahi : Alighar Library 35.00   B 307.772095492 SAA 1975 20/03/2024   C-4 Books
  Dewey Decimal Classification     Non-fiction Central Library, University of Rajshahi Central Library, University of Rajshahi General Stacks 31/07/1983 Rajshahi : Alighar Library 35.00   B 307.772095492 SAA 1975 20/03/2024   C-5 Books